000 00676cam a2200217 a 4500
001 000008801
005 20200929161418.0
008 970703s1996 ec 001 j spa
020 _a9978950915
040 _aDO-SdBNP
_cDLC
082 _aE864.44
_bE56b
245 0 0 _aEn busca del cuento pérdido :
_bantología del Grupo Literario Eskeletra.
260 _aQuito, (Ecuador) :
_bEskeletra,
_c1996.
300 _a193 p. ;
_c21 cm.
490 1 _aLa lulupa
650 4 _aCuentos ecuatorianos
_917829
650 4 _aLiteratura ecuatoriana
_ySIGLO XX
_914420
710 1 _aGrupo Literario Eskeletra.
_923349
830 0 _aLa lulupa.
_923350
910 _aCatalogación por copia / LC
999 _c8570
_d8570